UEFA European Supercup - Statistics

General Stats
  • This quiz has been taken 187 times
    126 since last reset
  • The average score is 24 of 38
Answer Stats
Answer % Correct
Real Madrid
100%
Bayern Munich
99%
Barcelona
98%
Chelsea
95%
Liverpool
94%
Manchester United
94%
Inter
92%
Milan
91%
Atletico Madrid
89%
Borussia Dortmund
89%
Juventus
89%
Sevilla
89%
Ajax
83%
Aston Villa
83%
Porto
81%
Villarreal
72%
Arsenal
70%
PSV Eindhoven
67%
Nottingham Forest
66%
Valencia
66%
Zenit Saint Petersburg
64%
Paris Saint-Germain
63%
Hamburg
60%
Lazio
57%
Red Star Belgrade
56%
Feyenoord
55%
Galatasaray
51%
Shakhtar Donetsk
48%
CSKA Moscow
45%
Steaua Bucuresti
43%
Parma
39%
Anderlecht
31%
Sampdoria
22%
Aberdeen
19%
Real Zaragoza
19%
Werder Bremen
16%
Dynamo Kyiv
10%
Mechelen
10%
No matching quizzes found
Score Distribution
Percent of People with Each Score
Percentile by Number Answered
Your Score History
You have not taken this quiz since the last reset